Sin justicia : (Record no. 193883)

MARC details
000 -LEADER
campo de control de longitud fija 03105nam a2200469 i 4500
001 - NÚMERO DE CONTROL
campo de control 193883
003 - IDENTIFICADOR DE NÚMERO DE CONTROL
campo de control ES-MaACL
005 - FECHA Y HORA DE LA ÚLTIMA TRANSACCIÓN
campo de control 20250711063122.0
008 - DATOS DE LONGITUD FIJA--INFORMACIÓN GENERAL
campo de control de longitud fija 240201e202311 spc|||| |||| 0|1 0dspa|
015 ## - NÚMERO DE BIBLIOGRAFÍA NACIONAL
Número de bibliografía nacional LL2024
Fuente bnc
017 ## - NÚMERO DE COPYRIGHT O DE DEPÓSITO LEGAL
Número de copyright o de depósito legal B 17447-2023
Agencia que asigna Biblioteca de Catalunya
020 ## - NÚMERO INTERNACIONAL ESTÁNDAR DEL LIBRO
Número Internacional Estándar del Libro 9788467070934
040 ## - FUENTE DE CATALOGACIÓN
Centro catalogador/agencia de origen ES-BaBC
Lengua de catalogación cat
Normas de descripción rda
Centro/agencia transcriptor ES-BaBC
043 ## - CÓDIGO DE ÁREA GEOGRÁFICA
Código de área geográfica e-sp---
080 ## - NÚMERO DE LA CLASIFICACIÓN DECIMAL UNIVERSAL
Número de la Clasificación Decimal Universal 323.28
Subdivisión auxiliar común (460)
-- "19/20"
Identificador de la edición 2004
080 ## - NÚMERO DE LA CLASIFICACIÓN DECIMAL UNIVERSAL
Número de la Clasificación Decimal Universal 323.28
Subdivisión auxiliar común -058.6
-- "19/20"
Identificador de la edición 2004
080 ## - NÚMERO DE LA CLASIFICACIÓN DECIMAL UNIVERSAL
Número de la Clasificación Decimal Universal 323.26/.28
Subdivisión auxiliar común "19/20"
Identificador de la edición 2004
080 ## - NÚMERO DE LA CLASIFICACIÓN DECIMAL UNIVERSAL
Número de la Clasificación Decimal Universal 94
Subdivisión auxiliar común (460)
-- "19/20"
Identificador de la edición 2004
100 ## - ENTRADA PRINCIPAL--NOMBRE DE PERSONA
Nombre de persona Domínguez Iribarren, Florencio,
Fechas asociadas al nombre 1956-
9 (RLIN) 235338
Término indicativo de función/relación Autor
245 10 - MENCIÓN DEL TÍTULO
Título Sin justicia :
Resto del título más de 300 asesinatos de ETA sin resolver /
Mención de responsabilidad, etc. Florencio Domínguez, María Jiménez Ramos.
250 ## - MENCION DE EDICION
Mención de edición Primera edición: noviembre de 2023
264 #1 - PRODUCCIÓN, PUBLICACIÓN, DISTRIBUCIÓN, FABRICACIÓN Y COPYRIGHT
Producción, publicación, distribución, fabricación y copyright Barcelona :
Nombre del de productor, editor, distribuidor, fabricante Espasa,
Fecha de producción, publicación, distribución, fabricación o copyright noviembre de 2023.
300 ## - DESCRIPCIÓN FÍSICA
Extensión 717 pág. :
Otras características físicas ilustraciones ;
Dimensiones 23 cm.
336 ## - TIPO DE CONTENIDO
Término de tipo de contenido texto
Código de tipo de contenido txt
Fuente rdacontent
337 ## - TIPO DE MEDIO
Nombre/término del tipo de medio sin mediación
Código del tipo de medio n
Fuente rdamedia
338 ## - TIPO DE SOPORTE
Nombre/término del tipo de soporte volumen
Código del tipo de soporte nc
Fuente rdacarrier
504 ## - NOTA DE BIBLIOGRAFÍA, ETC.
Nota de bibliografía, etc. Bibliografía: páginas 677-679. Índice páginas 681-717
520 ## - RESUMEN, ETC.
Sumario, etc. El final de la historia violenta de ETA ha puesto sobre la mesa las tareas pendientes que la letanía de atentados y secuestros había eclipsado durante su medio siglo de supervivencia. Precisamente, una de esas tareas es hacer justicia en los más de trescientos asesinatos cuyos autores no han sido condenados.<br/><br/>En Sin justicia, Florencio Domínguez y María Jiménez analizan uno por uno cada atentado mortal de la organización terrorista que aún no se ha resuelto con una sentencia judicial. Ello implica que los verdugos de más de tres centenares de personas no han sido identificados o que, aun siéndolo, no han sido juzgados y condenados por sus delitos. A lo largo del relato individual de cada caso trasluce el sufrimiento añadido de cientos de familias que, además de asimilar la pérdida de su ser querido, debieron resignarse a no obtener la respuesta judicial que el Estado les debía.<br/><br/>Si la sociedad española tiene aún deudas pendientes con las víctimas del terrorismo, este libro pone de manifiesto que una de ellas sigue siendo el derecho de varios cientos de familias a la justicia o, al menos, a la verdad.
650 #4 - PUNTO DE ACCESO ADICIONAL DE MATERIA--TÉRMINO DE MATERIA
Término de materia o nombre geográfico como elemento de entrada Terrorismo-
Subdivisión general España
9 (RLIN) 17495
650 #4 - PUNTO DE ACCESO ADICIONAL DE MATERIA--TÉRMINO DE MATERIA
Término de materia o nombre geográfico como elemento de entrada Víctimas del terrorismo-
9 (RLIN) 17787
Subdivisión cronológica España
650 #7 - PUNTO DE ACCESO ADICIONAL DE MATERIA--TÉRMINO DE MATERIA
Término de materia o nombre geográfico como elemento de entrada Violencia política-
Subdivisión geográfica España
9 (RLIN) 173162
651 #7 - PUNTO DE ACCESO ADICIONAL DE MATERIA--NOMBRE GEOGRÁFICO
Nombre geográfico España-
Subdivisión general Historia-
Subdivisión cronológica S.XX
9 (RLIN) 138832
651 #0 - PUNTO DE ACCESO ADICIONAL DE MATERIA--NOMBRE GEOGRÁFICO
Nombre geográfico España-
Subdivisión general Historia-
Subdivisión cronológica S.XXI
9 (RLIN) 234573
700 ## - ENTRADA AGREGADA--NOMBRE PERSONAL
Nombre de persona Jiménez Ramos, María
9 (RLIN) 235344
Término indicativo de función/relación Autor
852 ## - LOCALIZACIÓN
Ubicación ES-MaACL
Sublocalización o colección R.154993
Ubicación en estantería Depósito J
Número de control de estantería N-9747
Encuadernación Encuadernación cartoné
Anotaciones manuscritas Dedicatoria autógrafa del autor
Donativo/Legado Donación: Florencio Domínguez
itemnumber 205412
903 ## - NOMBRE PERSONAL DE DONANTE
9 235338
a Domínguez Iribarren, Florencio,
d 1956-
e Donante
942 ## - ELEMENTOS DE ENTRADA SECUNDARIOS (KOHA)
Tipo de ítem Koha Libro impreso
Suprimir en OPAC No
Holdings
Estatus retirado Estado de pérdida Fuente del sistema de clasificación o colocación Estado de daño No para préstamo Colección Biblioteca de origen Biblioteca actual Ubicación en estantería Fecha de adquisición Fuente de adquisición Total de préstamos Signatura topográfica completa Código de barras Visto por última vez Precio de reemplazo Tipo de ítem Koha
    Clasificación decimal universal     Libros con dedicatorias Biblioteca del Ateneo de Madrid Biblioteca del Ateneo de Madrid Depósito J 12/05/2025 Donación   N-9747 101230064 12/05/2025 12/05/2025 Libro impreso